Kłamstwa w które wierzą małe dzieci - Statystyki

Ogólne statystyki
  • Ten quiz został rozwiązany 33 razy
  • Średni wynik to 8 z 22
Statystyki odpowiedzi
% Pytanie Odpowiedź % Poprawnych
85 Siedzenie blisko tego psuje oczy telewizor
97%
46 Byk wścieka się na ten kolor czerwony
83%
25 Połykasz to zwierzę w nocy pająk
59%
33 Nie możesz pływać po tej czynności jedzenie
55%
24 Używasz tego narządu w 10% mózg
55%
55 Jedzenie tego warzywa sprawia że widzisz w ciemności marchew
52%
30 To warzywo to małe drzewo brokuł
45%
38 To zwierzę widzi w czerni i bieli pies
41%
75 Sikanie do basenu zmienia wodę na ten kolor fioletowy
34%
32 To jedzenie nie może się popsuć miód
34%
35 Jeżeli źle kichniesz ten narząd może ci wypaść oko/oczy
34%
47 To zwierzę ma 3-sekundową pamięć złota rybka
34%
18 Ten napój jest zakazany poniżej 18 roku życia kawa
24%
14 To jedzenie wychodzi z brzucha po 7 latach guma
21%
22 "Robienie sobie dobrze" sprawia że ten narząd jest owłosiony ręka
21%
16 Zabytek widziany z kosmosu Wielki Mur Chiński
21%
36 Leczy użądlenia meduz mocz
17%
38 Jedzenie bez bakterii = Zasada pięciu sekund
17%
44 To zwierzę po dotknięciu daje ci brodawkę ropucha
17%
10 To jedzenie daje ci koszmary czekolada
7%
42 Ta czynność sprawia że twoje włosy będą cieńsze golenie
7%
40 Jedzienie surowego ciasta powoduje że dostajesz robaki
0%
Nie znaleziono quizów pasujących do podanych kryteriów
Rozkład punktacji
Procent ludzi z każdym wynikiem
Percentyl według liczby udzielonych odpowiedzi
Twoja historia wyników
Nie rozwiązałeś tego quizu